000 00571nam a2200217Ia 4500
005 20241129110137.0
008 241129s9999||||xx |||||||||||||| ||und||
020 _a978-977-09-3397-8
037 _aTB
040 _aARTS
_beng
_cARTS
041 _aeng
_2ara
084 _aO28:g Q6
_qARTS
100 _aAshoor Rizvi Au.
_9727384
245 0 _aAl-taba yanahaz
_cAshoor Rizvi Au.
260 _aCairo, Egypt
_bDarul shoro
_c2016
300 _a163p.
365 _aINR
_b370
650 _aArabic Literature
942 _cTB
_hO28:g Q6
999 _c1227471
_d1227471